000 00455nam a2200181 a 4500
001 1767241964700
003 YourLibrary
005 20260102133438.0
008 260101s2007##################000#0#eng##
020 _a9788128814723
082 0 4 _a294.561
_bSAI
100 1 _aRuhela, Satya Pal,
_eauthor.
245 1 0 _aSri Shirdi Sai Bhajan-Mala :
260 _c2007.
300 _a112 pages
942 _cENGLISH
040 _aYourLibrary
_beng
_cYourLibrary
999 _c606613
_d606613